000 00806nam a2200253 i 4500
001 bg
245 0 0 _aZintegrowane łańcuchy transportowe /
_cIouri N. Semenov (red.) [et al.].
260 _aWarszawa :
_bCentrum Doradztwa i Informacji Difin,
_c2008.
300 _a191, [1] s. :
_bil. ;
_c23 cm.
504 _aBibliogr. s. 188-191.
546 _aW zał. tekst częśc. ang.
650 9 _aTransport kombinowany
655 _aPodręczniki akademickie
700 1 _aSemenov, Iouri.
_eRed.
020 _a9788372518453
040 _cBPK
041 0 _apol
_aeng
044 _aPOL
080 _a656.1/.5:656.61](075.8)
920 _a978-83-7251-845-3
942 _cKS
008 s pl f |000 0 pol
999 _c55234
_d55234
856 _uhttp://koha.tu.koszalin.pl/cgi-bin/koha/opac-detail.pl?biblionumber=55234
_yKatalog online BPK